000 00467nam a2200181 a 4500
020 _a0804817537 :
020 _a0804817502 (pbk.)
040 _cDLC
041 1 _hfre
082 0 0 _a796 CHA 1991 A086 Or.
100 0 _aLouis-Frédéric,
245 1 2 _aA dictionary of the martial arts /
260 _aRutland, Vt. :
_bCharles E. Tuttle Co.,
_c1991.
300 _a276 p. :
_bill. ;
_c24 cm.
650 0 _aMartial arts
700 1 _aCrompton, Paul H.,
942 _cEK
999 _c12880
_d12880